[Event "MCR druzstev mladsich zaku 2019"]
[Site "Trest"]
[Date "2019.06.15"]
[Round "4.17"]
[White "Slosar, Jan"]
[Black "Horkova, Tereza"]
[Result "1-0"]
[BlackElo "1366"]
[WhiteElo "1369"]
[LiveChessVersion "1.4.8"]

1. d4 {[%clk 0:25:18]} d5 {[%clk 0:25:20]} 2. Nf3 {[%clk 0:25:25]} Nc6
{[%clk 0:25:26]} 3. c4 {[%clk 0:25:32]} dxc4 {[%clk 0:25:34]} 4. Nc3
{[%clk 0:25:41]} Nf6 {[%clk 0:25:42]} 5. Bg5 {[%clk 0:25:48]} Bg4
{[%clk 0:25:39]} 6. e3 {[%clk 0:25:55]} e6 {[%clk 0:25:23]} 7. Bxc4
{[%clk 0:25:58]} Bb4 {[%clk 0:25:29]} 8. O-O {[%clk 0:26:04]} O-O
{[%clk 0:25:31]} 9. h3 {[%clk 0:26:10]} Bh5 {[%clk 0:25:36]} 10. Ne4
{[%clk 0:26:05]} Be7 {[%clk 0:25:20]} 11. Ng3 {[%clk 0:25:47]} Bg6
{[%clk 0:25:08]} 12. Qb3 {[%clk 0:25:53]} Na5 {[%clk 0:24:36]} 13. Qa4
{[%clk 0:25:49]} Nxc4 {[%clk 0:24:37]} 14. Qxc4 {[%clk 0:25:58]} Qd7
{[%clk 0:24:23]} 15. Ne5 {[%clk 0:25:57]} Qd6 {[%clk 0:23:29]} 16. Nxg6
{[%clk 0:25:51]} hxg6 {[%clk 0:22:46]} 17. Bxf6 {[%clk 0:25:54]} Bxf6
{[%clk 0:22:45]} 18. Ne4 {[%clk 0:26:03]} Qd7 {[%clk 0:21:00]} 19. Nxf6+
{[%clk 0:26:03]} gxf6 {[%clk 0:21:07]} 20. Rac1 {[%clk 0:25:44]} c6
{[%clk 0:20:46]} 21. Qe2 {[%clk 0:25:21]} Qd5 {[%clk 0:19:56]} 22. b3
{[%clk 0:25:14]} Kg7 {[%clk 0:19:22]} 23. Qg4 {[%clk 0:25:16]} Rh8
{[%clk 0:18:38]} 24. Rc5 {[%clk 0:25:12]} Qd6 {[%clk 0:18:29]} 25. h4
{[%clk 0:25:13]} f5 {[%clk 0:18:18]} 26. Qh3 {[%clk 0:23:09]} Rh7
{[%clk 0:17:06]} 27. g3 {[%clk 0:23:09]} Rah8 {[%clk 0:17:08]} 28. Qg2
{[%clk 0:23:15]} f6 {[%clk 0:11:48]} 29. Rc4 {[%clk 0:22:56]} g5 {[%clk 0:11:39]}
30. Ra4 {[%clk 0:22:51]} a6 {[%clk 0:11:14]} 31. a3 {[%clk 0:22:49]} Kf7
{[%clk 0:11:12]} 32. Rb4 {[%clk 0:22:58]} b5 {[%clk 0:11:01]} 33. Rc1
{[%clk 0:22:52]} gxh4 {[%clk 0:10:10]} 34. Rxc6 {[%clk 0:22:51]} Qd7
{[%clk 0:09:58]} 35. Rb6 {[%clk 0:22:55]} Ke8 {[%clk 0:09:12]} 36. Rb8+
{[%clk 0:22:57]} Kf7 {[%clk 0:08:54]} 37. Rb7 {[%clk 0:23:05]} Qxb7
{[%clk 0:08:24]} 38. Qxb7+ {[%clk 0:23:13]} Kg6 {[%clk 0:08:33]} 39. Qg2
{[%clk 0:23:04]} Kf7 {[%clk 0:08:37]} 40. d5 {[%clk 0:23:10]} exd5
{[%clk 0:08:08]} 41. Qxd5+ {[%clk 0:23:13]} Kg6 {[%clk 0:08:14]} 42. Qg2
{[%clk 0:23:16]} Kf7 {[%clk 0:08:08]} 43. Rxh4 {[%clk 0:23:14]} Rxh4
{[%clk 0:08:06]} 44. gxh4 {[%clk 0:23:22]} Rg8 {[%clk 0:08:15]} 45. Qxg8+
{[%clk 0:23:10]} Kxg8 {[%clk 0:08:24]} 46. Kg2 {[%clk 0:23:18]} Kg7
{[%clk 0:08:32]} 47. Kg3 {[%clk 0:23:26]} Kh6 {[%clk 0:08:04]} 48. Kf4
{[%clk 0:23:33]} Kg6 {[%clk 0:08:13]} 49. h5+ {[%clk 0:23:40]} Kxh5
{[%clk 0:08:18]} 50. Kxf5 {[%clk 0:23:48]} Kh4 {[%clk 0:08:26]} 51. Kxf6
{[%clk 0:23:56]} Kg3 {[%clk 0:08:32]} 52. e4+ {[%clk 0:24:05]} Kxf2
{[%clk 0:08:40]} 53. e5 {[%clk 0:24:14]} Ke3 {[%clk 0:08:49]} 54. e6
{[%clk 0:24:24]} Kd3 {[%clk 0:08:58]} 55. e7 {[%clk 0:24:33]} Kc3
{[%clk 0:09:07]} 56. e8=Q {[%clk 0:24:40]} Kxb3 {[%clk 0:09:15]} 57. Qc6
{[%clk 0:24:43]} Ka4 {[%clk 0:09:22]} 58. Qxa6+ {[%clk 0:24:47]} Kb3
{[%clk 0:09:31]} 59. Qxb5+ {[%clk 0:24:55]} Ka2 {[%clk 0:09:39]} 60. a4
{[%clk 0:24:56]} Ka3 {[%clk 0:09:48]} 61. a5 {[%clk 0:25:04]} Ka2
{[%clk 0:09:57]} 62. Ke5 {[%clk 0:25:10]} Ka1 {[%clk 0:10:06]} 63. Kd4
{[%clk 0:25:19]} Ka2 {[%clk 0:10:14]} 64. Kc3 {[%clk 0:25:28]} Ka1
{[%clk 0:10:21]} 65. Qb2# 1-0

[Event "MCR druzstev mladsich zaku 2019"]
[Site "Trest"]
[Date "2019.06.15"]
[Round "4.18"]
[White "Buchtova, Viktorie"]
[Black "Vana, Jakub"]
[Result "1/2-1/2"]
[BlackElo "1422"]
[WhiteElo "1314"]
[LiveChessVersion "1.4.8"]

1. e4 {[%clk 0:25:17]} c6 {[%clk 0:25:15]} 2. Nf3 {[%clk 0:25:11]} d5
{[%clk 0:25:22]} 3. exd5 {[%clk 0:25:13]} cxd5 {[%clk 0:25:27]} 4. Nc3
{[%clk 0:25:16]} Nf6 {[%clk 0:25:29]} 5. d4 {[%clk 0:24:47]} Bg4 {[%clk 0:25:29]}
6. Bb5+ {[%clk 0:23:17]} Nc6 {[%clk 0:25:27]} 7. O-O {[%clk 0:23:21]} e6
{[%clk 0:25:25]} 8. Bg5 {[%clk 0:23:13]} Be7 {[%clk 0:25:03]} 9. Re1
{[%clk 0:22:16]} O-O {[%clk 0:24:25]} 10. Qd3 {[%clk 0:21:13]} h6
{[%clk 0:23:53]} 11. Bh4 {[%clk 0:20:21]} Qb6 {[%clk 0:22:03]} 12. Bxc6
{[%clk 0:19:51]} bxc6 {[%clk 0:20:46]} 13. Ne5 {[%clk 0:19:53]} Bf5
{[%clk 0:20:42]} 14. Qd2 {[%clk 0:19:20]} Rad8 {[%clk 0:19:09]} 15. Bxf6
{[%clk 0:16:41]} Bxf6 {[%clk 0:19:13]} 16. Na4 {[%clk 0:16:44]} Qb5
{[%clk 0:18:37]} 17. Nc5 {[%clk 0:16:01]} Bxe5 {[%clk 0:18:39]} 18. Rxe5
{[%clk 0:13:57]} Qxb2 {[%clk 0:18:40]} 19. Ree1 {[%clk 0:13:04]} Qxc2
{[%clk 0:18:43]} 20. Qxc2 {[%clk 0:13:11]} Bxc2 {[%clk 0:18:49]} 21. Rec1
{[%clk 0:12:48]} Be4 {[%clk 0:18:01]} 22. Nb7 {[%clk 0:12:38]} Rc8
{[%clk 0:16:07]} 23. Na5 {[%clk 0:12:39]} Rc7 {[%clk 0:15:05]} 24. Nxc6
{[%clk 0:12:43]} Kh7 {[%clk 0:14:17]} 25. Ne5 {[%clk 0:12:24]} Rxc1+
{[%clk 0:13:25]} 26. Rxc1 {[%clk 0:12:31]} f6 {[%clk 0:13:18]} 27. Nc6
{[%clk 0:11:40]} Rc8 {[%clk 0:12:32]} 28. Rc5 {[%clk 0:11:33]} a6
{[%clk 0:12:13]} 29. Nb4 {[%clk 0:10:13]} Rb8 {[%clk 0:12:16]} 30. a3
{[%clk 0:10:01]} Rb6 {[%clk 0:11:12]} 31. f3 {[%clk 0:09:50]} Bg6
{[%clk 0:10:59]} 32. Ra5 {[%clk 0:09:53]} Be8 {[%clk 0:10:31]} 33. Rxa6
{[%clk 0:09:09]} Rxa6 {[%clk 0:10:35]} 34. Nxa6 {[%clk 0:09:07]} Kg6
{[%clk 0:10:41]} 35. Nc5 {[%clk 0:08:57]} e5 {[%clk 0:10:48]} 36. dxe5
{[%clk 0:09:02]} fxe5 {[%clk 0:10:53]} 37. a4 {[%clk 0:09:09]} Kf6
{[%clk 0:10:29]} 38. Kf2 {[%clk 0:08:44]} Ke7 {[%clk 0:10:38]} 39. a5
{[%clk 0:08:41]} Kd6 {[%clk 0:10:46]} 40. Nb3 {[%clk 0:08:12]} Bb5
{[%clk 0:10:50]} 1/2-1/2

[Event "MCR druzstev mladsich zaku 2019"]
[Site "Trest"]
[Date "2019.06.15"]
[Round "5.1"]
[White "Finek, Vaclav"]
[Black "Winter, Ondrej"]
[Result "1-0"]
[BlackElo "1533"]
[WhiteElo "2074"]
[LiveChessVersion "1.4.8"]

1. d4 {[%clk 0:25:17]} Nf6 {[%clk 0:25:18]} 2. c4 {[%clk 0:25:26]} g6
{[%clk 0:25:26]} 3. Nf3 {[%clk 0:25:34]} Bg7 {[%clk 0:25:32]} 4. g3
{[%clk 0:25:43]} O-O {[%clk 0:25:22]} 5. Bg2 {[%clk 0:25:51]} c6 {[%clk 0:24:56]}
6. O-O {[%clk 0:25:58]} d5 {[%clk 0:25:04]} 7. Nc3 {[%clk 0:24:03]} Ne4
{[%clk 0:19:07]} 8. cxd5 {[%clk 0:23:57]} Nxc3 {[%clk 0:18:29]} 9. bxc3
{[%clk 0:24:05]} cxd5 {[%clk 0:18:38]} 10. Bf4 {[%clk 0:23:38]} Nc6
{[%clk 0:17:54]} 11. Ne5 {[%clk 0:23:32]} Nxe5 {[%clk 0:16:52]} 12. Bxe5
{[%clk 0:23:40]} Bxe5 {[%clk 0:14:24]} 13. dxe5 {[%clk 0:23:48]} e6
{[%clk 0:12:02]} 14. Rc1 {[%clk 0:21:07]} Qa5 {[%clk 0:08:08]} 15. Qb3
{[%clk 0:20:52]} b5 {[%clk 0:03:20]} 16. e4 {[%clk 0:19:44]} dxe4
{[%clk 0:02:55]} 17. Bxe4 {[%clk 0:19:52]} Rb8 {[%clk 0:02:58]} 18. a3
{[%clk 0:18:14]} Bb7 {[%clk 0:02:26]} 19. Bxb7 {[%clk 0:18:21]} Rxb7
{[%clk 0:02:33]} 20. c4 {[%clk 0:16:49]} Rfb8 {[%clk 0:01:30]} 21. c5
{[%clk 0:16:41]} Rc7 {[%clk 0:00:59]} 22. Rfd1 {[%clk 0:13:54]} Rbc8
{[%clk 0:00:42]} 23. Qb4 {[%clk 0:13:27]} Qxb4 {[%clk 0:00:21]} 24. axb4
{[%clk 0:13:36]} a5 {[%clk 0:00:30]} 25. bxa5 {[%clk 0:13:38]} Rxc5
{[%clk 0:00:33]} 26. Rxc5 {[%clk 0:13:08]} Rxc5 {[%clk 0:00:40]} 27. a6
{[%clk 0:12:47]} Rc8 {[%clk 0:00:16]} 28. a7 {[%clk 0:12:07]} Ra8
{[%clk 0:00:15]} 29. Rd7 {[%clk 0:12:04]} b4 {[%clk 0:00:20]} 30. Rb7 1-0

[Event "MCR druzstev mladsich zaku 2019"]
[Site "Trest"]
[Date "2019.06.15"]
[Round "5.2"]
[White "Zelba, Lukas"]
[Black "Nemec, Jachym"]
[Result "0-1"]
[BlackElo "1940"]
[WhiteElo "1614"]
[LiveChessVersion "1.4.8"]

1. d4 {[%clk 0:25:17]} Nf6 {[%clk 0:25:16]} 2. Bf4 {[%clk 0:25:20]} g6
{[%clk 0:25:19]} 3. Nc3 {[%clk 0:25:08]} d5 {[%clk 0:25:27]} 4. Nf3
{[%clk 0:25:12]} Bg7 {[%clk 0:25:35]} 5. e3 {[%clk 0:25:19]} O-O {[%clk 0:25:41]}
6. Be2 {[%clk 0:25:01]} c5 {[%clk 0:25:37]} 7. O-O {[%clk 0:24:47]} Nc6
{[%clk 0:25:32]} 8. dxc5 {[%clk 0:24:52]} Re8 {[%clk 0:25:16]} 9. Nd4
{[%clk 0:24:50]} e5 {[%clk 0:24:57]} 10. Nxc6 {[%clk 0:24:58]} bxc6
{[%clk 0:25:05]} 11. Bg3 {[%clk 0:24:57]} Qa5 {[%clk 0:24:41]} 12. a3
{[%clk 0:23:33]} Qxc5 {[%clk 0:24:46]} 13. Na4 {[%clk 0:23:20]} Qe7
{[%clk 0:23:11]} 14. Rb1 {[%clk 0:22:53]} Ne4 {[%clk 0:22:00]} 15. c4
{[%clk 0:21:32]} Be6 {[%clk 0:21:57]} 16. Qc1 {[%clk 0:20:06]} h5
{[%clk 0:21:34]} 17. h3 {[%clk 0:19:46]} Nxg3 {[%clk 0:21:01]} 18. fxg3
{[%clk 0:19:54]} Bh6 {[%clk 0:21:05]} 19. Qc3 {[%clk 0:19:36]} Qg5
{[%clk 0:20:38]} 20. Kh2 {[%clk 0:19:42]} e4 {[%clk 0:20:04]} 21. Rf4
{[%clk 0:17:43]} Bg7 {[%clk 0:19:42]} 22. Qe1 {[%clk 0:17:31]} Be5
{[%clk 0:19:47]} 23. h4 {[%clk 0:17:29]} Qe7 {[%clk 0:19:54]} 24. Rf1
{[%clk 0:17:21]} Qxh4+ {[%clk 0:20:01]} 25. Kg1 {[%clk 0:17:29]} Bxg3
{[%clk 0:20:08]} 26. Qc3 {[%clk 0:17:36]} Qh2# {[%clk 0:20:05]} 0-1

[Event "MCR druzstev mladsich zaku 2019"]
[Site "Trest"]
[Date "2019.06.15"]
[Round "5.3"]
[White "Smolik, Jachym"]
[Black "Levitner, Matej"]
[Result "1-0"]
[BlackElo "1575"]
[WhiteElo "1652"]
[LiveChessVersion "1.4.8"]

1. d4 {[%clk 0:25:19]} d5 {[%clk 0:25:15]} 2. c4 {[%clk 0:25:27]} e6
{[%clk 0:25:15]} 3. Nc3 {[%clk 0:25:36]} Nf6 {[%clk 0:25:23]} 4. cxd5
{[%clk 0:25:44]} exd5 {[%clk 0:25:31]} 5. Bg5 {[%clk 0:25:53]} Be7
{[%clk 0:25:38]} 6. e3 {[%clk 0:26:02]} Bf5 {[%clk 0:25:25]} 7. Bxf6
{[%clk 0:25:33]} Bxf6 {[%clk 0:25:28]} 8. Qb3 {[%clk 0:25:41]} Nd7
{[%clk 0:23:05]} 9. Nxd5 {[%clk 0:25:14]} b6 {[%clk 0:22:15]} 10. Rc1
{[%clk 0:24:45]} Rc8 {[%clk 0:20:43]} 11. Ba6 {[%clk 0:21:54]} Be6
{[%clk 0:16:19]} 12. Bxc8 Bxd5 {[%clk 0:16:26]} 13. Qxd5 {[%clk 0:21:51]} Qxc8
{[%clk 0:15:42]} 14. Qc6 {[%clk 0:21:45]} O-O 15. Qxc7 {[%clk 0:21:53]} Qxc7
{[%clk 0:15:48]} 16. Rxc7 {[%clk 0:21:52]} Nb8 {[%clk 0:15:16]} 17. Rxa7
{[%clk 0:21:44]} Re8 {[%clk 0:15:09]} 18. Kd2 {[%clk 0:21:38]} Bg5
{[%clk 0:14:53]} 19. Nf3 {[%clk 0:21:39]} Bf6 20. Rc1 1-0

[Event "MCR druzstev mladsich zaku 2019"]
[Site "Trest"]
[Date "2019.06.15"]
[Round "5.4"]
[White "Zelbova, Lada"]
[Black "Day, Tobias"]
[Result "0-1"]
[BlackElo "1690"]
[WhiteElo "1469"]
[LiveChessVersion "1.4.8"]

1. d4 {[%clk 0:25:17]} f5 {[%clk 0:25:13]} 2. Bf4 {[%clk 0:24:41]} Nf6
{[%clk 0:25:11]} 3. e3 {[%clk 0:24:24]} g6 {[%clk 0:25:18]} 4. Nf3
{[%clk 0:24:07]} Bg7 {[%clk 0:25:23]} 5. c4 {[%clk 0:23:02]} d6 {[%clk 0:24:44]}
6. Nc3 {[%clk 0:22:02]} e6 {[%clk 0:24:36]} 7. Be2 {[%clk 0:20:40]} Qe7
{[%clk 0:23:50]} 8. O-O {[%clk 0:19:24]} h6 {[%clk 0:22:56]} 9. h4
{[%clk 0:18:48]} O-O {[%clk 0:20:14]} 10. b4 {[%clk 0:18:26]} Nbd7
{[%clk 0:18:59]} 11. Qb3 {[%clk 0:17:16]} Kh8 {[%clk 0:18:12]} 12. c5
{[%clk 0:13:20]} e5 {[%clk 0:16:20]} 13. cxd6 {[%clk 0:12:43]} cxd6
{[%clk 0:16:19]} 14. Bh2 {[%clk 0:12:07]} e4 {[%clk 0:08:12]} 15. Nd2
{[%clk 0:12:02]} Nb6 {[%clk 0:07:51]} 16. a4 {[%clk 0:11:32]} Be6
{[%clk 0:07:32]} 17. Qb2 {[%clk 0:09:58]} a6 {[%clk 0:05:55]} 18. a5
{[%clk 0:08:56]} Nbd5 {[%clk 0:05:24]} 19. Nxd5 {[%clk 0:07:28]} Nxd5
{[%clk 0:05:10]} 20. Nc4 {[%clk 0:07:31]} Rad8 {[%clk 0:04:06]} 21. Rac1 f4
{[%clk 0:02:45]} 22. h5 {[%clk 0:04:36]} f3 {[%clk 0:02:15]} 23. gxf3
{[%clk 0:04:05]} exf3 {[%clk 0:01:58]} 24. Bd3 {[%clk 0:03:51]} Qg5+
{[%clk 0:01:57]} 25. Bg3 {[%clk 0:03:48]} Qxh5 {[%clk 0:01:53]} 26. Rfd1
{[%clk 0:03:14]} Bh3 {[%clk 0:01:20]} 27. Bf1 {[%clk 0:00:30]} Bxf1
{[%clk 0:01:16]} 28. Kxf1 {[%clk 0:00:35]} Qh1# {[%clk 0:01:24]} 0-1

[Event "MCR druzstev mladsich zaku 2019"]
[Site "Trest"]
[Date "2019.06.15"]
[Round "5.5"]
[White "Pressler, Tobias"]
[Black "Schmutzer, Jakub"]
[Result "1-0"]
[BlackElo "1348"]
[WhiteElo "1595"]
[LiveChessVersion "1.4.8"]

1. e4 {[%clk 0:25:00]} c5 {[%clk 0:25:14]} 2. Nf3 {[%clk 0:24:48]} e6
{[%clk 0:25:20]} 3. d4 {[%clk 0:24:44]} cxd4 {[%clk 0:25:24]} 4. Nxd4
{[%clk 0:24:38]} a6 {[%clk 0:25:32]} 5. Nc3 {[%clk 0:24:34]} Qc7 {[%clk 0:25:39]}
6. a3 {[%clk 0:24:33]} Nf6 {[%clk 0:25:43]} 7. Be2 {[%clk 0:24:12]} Be7
{[%clk 0:25:34]} 8. O-O {[%clk 0:24:13]} d6 {[%clk 0:25:35]} 9. Be3
{[%clk 0:23:50]} O-O {[%clk 0:25:37]} 10. f4 {[%clk 0:23:55]} Nbd7
{[%clk 0:25:44]} 11. Kh1 {[%clk 0:23:24]} b5 {[%clk 0:25:39]} 12. b4
{[%clk 0:23:27]} Bb7 {[%clk 0:25:45]} 13. Qd3 {[%clk 0:23:04]} Rac8
{[%clk 0:25:29]} 14. Bd2 {[%clk 0:22:35]} e5 {[%clk 0:24:44]} 15. Nf5
{[%clk 0:22:33]} Rfe8 {[%clk 0:24:26]} 16. Qg3 {[%clk 0:22:03]} g6
{[%clk 0:24:13]} 17. Bd3 {[%clk 0:21:19]} Nh5 {[%clk 0:23:23]} 18. Nxe7+
{[%clk 0:20:16]} Rxe7 {[%clk 0:23:24]} 19. Qh4 {[%clk 0:20:15]} Ree8
{[%clk 0:23:07]} 20. f5 {[%clk 0:20:14]} Qd8 {[%clk 0:16:56]} 21. Qf2
{[%clk 0:19:34]} Kg7 {[%clk 0:12:05]} 22. fxg6 {[%clk 0:19:26]} Rf8
{[%clk 0:09:02]} 23. gxh7 {[%clk 0:19:06]} Kh8 {[%clk 0:08:44]} 24. Bh6
{[%clk 0:18:33]} Kxh7 {[%clk 0:04:58]} 25. Bxf8 {[%clk 0:18:32]} Ndf6
{[%clk 0:05:01]} 26. Qf5+ {[%clk 0:18:28]} Kg8 {[%clk 0:04:57]} 27. Nd5
{[%clk 0:18:12]} Bxd5 {[%clk 0:04:58]} 28. exd5 {[%clk 0:18:19]} Qxf8
{[%clk 0:05:02]} 29. g4 {[%clk 0:18:07]} e4 {[%clk 0:04:03]} 30. gxh5
{[%clk 0:18:00]} exd3 {[%clk 0:02:46]} 31. Rg1+ {[%clk 0:18:06]} Kh8
{[%clk 0:02:25]} 32. Qxf6+ {[%clk 0:18:12]} Kh7 {[%clk 0:02:32]} 33. Qf5+
{[%clk 0:17:39]} Kh6 {[%clk 0:01:55]} 34. Rg6+ {[%clk 0:17:42]} Kh7
{[%clk 0:01:40]} 35. Rxd6+ {[%clk 0:17:20]} Kh8 {[%clk 0:01:35]} 36. Qf6+
{[%clk 0:17:20]} Kh7 {[%clk 0:01:40]} 37. Rg1 {[%clk 0:17:24]} dxc2
{[%clk 0:01:19]} 38. Qf5+ {[%clk 0:17:25]} Kh8 {[%clk 0:01:25]} 39. Qxc8
{[%clk 0:17:06]} Qxc8 {[%clk 0:00:11]} 40. Rh6# {[%clk 0:17:13]} 1-0

[Event "MCR druzstev mladsich zaku 2019"]
[Site "Trest"]
[Date "2019.06.15"]
[Round "5.6"]
[White "Zelba, Josef"]
[Black "Sehnoutkova, Laura"]
[Result "0-1"]
[BlackElo "1406"]
[WhiteElo "1165"]
[LiveChessVersion "1.4.8"]

1. d4 {[%clk 0:25:18]} d5 {[%clk 0:25:16]} 2. c4 {[%clk 0:25:27]} e6
{[%clk 0:25:21]} 3. e3 {[%clk 0:25:34]} Nf6 {[%clk 0:25:09]} 4. Nc3
{[%clk 0:25:41]} Be7 {[%clk 0:25:07]} 5. Nf3 {[%clk 0:25:43]} O-O
{[%clk 0:24:57]} 6. Be2 {[%clk 0:25:49]} Bd7 {[%clk 0:25:05]} 7. Qd3
{[%clk 0:25:55]} Nc6 {[%clk 0:24:46]} 8. a3 {[%clk 0:25:50]} Re8 {[%clk 0:23:56]}
9. c5 {[%clk 0:25:56]} a6 {[%clk 0:23:42]} 10. O-O {[%clk 0:26:01]} Na7
{[%clk 0:23:47]} 11. Re1 {[%clk 0:26:06]} Nb5 {[%clk 0:23:38]} 12. Na2
{[%clk 0:26:10]} Rc8 {[%clk 0:22:44]} 13. Nb4 {[%clk 0:26:01]} Na7
{[%clk 0:22:21]} 14. Ne5 {[%clk 0:25:55]} Bb5 {[%clk 0:22:15]} 15. Qd1
{[%clk 0:25:49]} Bxe2 {[%clk 0:22:11]} 16. Qxe2 {[%clk 0:25:52]} Nd7
{[%clk 0:21:01]} 17. Nbd3 {[%clk 0:25:43]} Nxe5 {[%clk 0:20:59]} 18. Nxe5
{[%clk 0:25:51]} Bf6 {[%clk 0:20:57]} 19. Nd3 {[%clk 0:25:48]} Qd7
{[%clk 0:20:33]} 20. Nb4 {[%clk 0:25:13]} Qb5 {[%clk 0:20:30]} 21. Bd2
{[%clk 0:24:53]} Qxe2 {[%clk 0:20:37]} 22. Rxe2 {[%clk 0:25:00]} a5
{[%clk 0:20:22]} 23. Nc2 {[%clk 0:24:55]} b6 {[%clk 0:20:30]} 24. b4
{[%clk 0:24:53]} axb4 {[%clk 0:19:42]} 25. axb4 {[%clk 0:24:57]} Nb5
{[%clk 0:19:31]} 26. Na3 {[%clk 0:24:59]} Nxa3 {[%clk 0:19:38]} 27. Rxa3
{[%clk 0:25:06]} c6 {[%clk 0:19:40]} 28. cxb6 {[%clk 0:24:56]} Rb8
{[%clk 0:19:37]} 29. Ra6 {[%clk 0:24:50]} Rb7 {[%clk 0:19:40]} 30. Re1
{[%clk 0:24:33]} Reb8 {[%clk 0:19:38]} 31. Rea1 {[%clk 0:24:14]} h6
{[%clk 0:19:47]} 32. Ra8 {[%clk 0:24:05]} Rxb6 {[%clk 0:19:34]} 33. h3
{[%clk 0:23:50]} Be7 {[%clk 0:19:24]} 34. Rxb8+ {[%clk 0:23:50]} Rxb8
{[%clk 0:19:32]} 35. Rb1 {[%clk 0:23:59]} c5 {[%clk 0:17:41]} 36. dxc5
{[%clk 0:23:49]} Bxc5 {[%clk 0:17:49]} 37. Kh2 {[%clk 0:23:33]} Bd6+
{[%clk 0:17:57]} 38. f4 {[%clk 0:23:41]} Kf8 {[%clk 0:18:01]} 39. g4
{[%clk 0:23:48]} Ke7 {[%clk 0:18:10]} 40. Kg3 {[%clk 0:23:56]} g5
{[%clk 0:18:13]} 41. h4 {[%clk 0:23:56]} f6 {[%clk 0:18:21]} 42. h5
{[%clk 0:23:48]} Kd7 {[%clk 0:17:54]} 43. Kf3 {[%clk 0:23:53]} Kc6
{[%clk 0:17:55]} 44. e4 {[%clk 0:23:52]} e5 {[%clk 0:16:57]} 45. f5
{[%clk 0:23:48]} d4 {[%clk 0:16:27]} 46. Ke2 {[%clk 0:23:42]} Kb5
{[%clk 0:16:20]} 47. Rb2 {[%clk 0:23:27]} Rc8 {[%clk 0:15:02]} 48. Kd3
{[%clk 0:23:03]} Rc4 {[%clk 0:14:48]} 49. Be1 {[%clk 0:23:03]} Bxb4
{[%clk 0:13:44]} 50. Bf2 {[%clk 0:22:46]} Kc5 {[%clk 0:11:51]} 51. Rc2
{[%clk 0:22:14]} Rxc2 {[%clk 0:11:55]} 52. Kxc2 {[%clk 0:22:19]} Kc4
{[%clk 0:12:03]} 53. Kb2 {[%clk 0:21:51]} Kd3 {[%clk 0:12:01]} 54. Kb3
{[%clk 0:21:52]} Be7 {[%clk 0:12:07]} 55. Be1 {[%clk 0:21:58]} Kxe4
{[%clk 0:12:14]} 56. Kc4 {[%clk 0:21:52]} Kf4 {[%clk 0:11:41]} 57. Kd5
{[%clk 0:21:54]} d3 {[%clk 0:11:09]} 58. Ba5 {[%clk 0:21:51]} e4 {[%clk 0:10:39]}
59. Ke6 {[%clk 0:21:51]} Kxg4 {[%clk 0:10:30]} 60. Kf7 {[%clk 0:21:48]} Kxf5
{[%clk 0:10:26]} 61. Kxe7 {[%clk 0:21:55]} e3 {[%clk 0:10:29]} 62. Kf7
{[%clk 0:21:59]} d2 {[%clk 0:10:37]} 0-1

[Event "MCR druzstev mladsich zaku 2019"]
[Site "Trest"]
[Date "2019.06.15"]
[Round "5.7"]
[White "Paseka, Matyas"]
[Black "Brozka, Karel"]
[Result "1-0"]
[BlackElo "2142"]
[WhiteElo "1642"]
[LiveChessVersion "1.4.8"]

1. e4 {[%clk 0:25:19]} c6 {[%clk 0:25:19]} 2. d4 {[%clk 0:25:27]} d5
{[%clk 0:25:28]} 3. exd5 {[%clk 0:25:36]} cxd5 {[%clk 0:25:37]} 4. c4
{[%clk 0:25:45]} Nf6 5. Nc3 Nc6 {[%clk 0:25:52]} 6. Nf3 {[%clk 0:26:03]} Bg4
{[%clk 0:25:53]} 7. Be3 {[%clk 0:26:12]} e6 {[%clk 0:25:44]} 8. c5
{[%clk 0:26:20]} Be7 {[%clk 0:24:44]} 9. Be2 {[%clk 0:26:17]} O-O
{[%clk 0:24:37]} 10. a3 {[%clk 0:26:15]} Ne4 {[%clk 0:21:04]} 11. O-O
{[%clk 0:25:59]} Nxc3 {[%clk 0:20:43]} 12. bxc3 {[%clk 0:26:07]} Bxf3
{[%clk 0:20:06]} 13. Bxf3 {[%clk 0:26:16]} b6 {[%clk 0:20:14]} 14. c4
{[%clk 0:25:25]} Rc8 {[%clk 0:18:01]} 15. Qa4 {[%clk 0:24:43]} bxc5
{[%clk 0:16:52]} 16. dxc5 {[%clk 0:24:50]} Ne5 {[%clk 0:16:54]} 17. Be2
{[%clk 0:22:01]} d4 {[%clk 0:11:38]} 18. Bf4 {[%clk 0:22:03]} Ng6
{[%clk 0:11:34]} 19. Bd2 {[%clk 0:21:57]} Bxc5 {[%clk 0:11:33]} 20. Bd3
{[%clk 0:21:46]} Qc7 {[%clk 0:09:43]} 21. Rfe1 {[%clk 0:19:53]} e5
{[%clk 0:08:16]} 22. Qc2 {[%clk 0:19:29]} Qe7 {[%clk 0:04:46]} 23. a4
{[%clk 0:18:29]} Rce8 {[%clk 0:03:51]} 24. Rab1 {[%clk 0:18:14]} a6
{[%clk 0:03:31]} 25. Be4 {[%clk 0:18:08]} Rb8 {[%clk 0:03:27]} 26. Rxb8
{[%clk 0:15:47]} Rxb8 {[%clk 0:03:36]} 27. Rb1 {[%clk 0:15:56]} Rxb1+
{[%clk 0:01:21]} 28. Qxb1 {[%clk 0:16:05]} h6 {[%clk 0:00:48]} 29. g3
{[%clk 0:14:59]} Qf6 {[%clk 0:00:40]} 30. Be1 {[%clk 0:13:49]} Qg5
{[%clk 0:00:29]} 31. Kh1 {[%clk 0:11:14]} h5 {[%clk 0:00:22]} 32. Bd5
{[%clk 0:08:36]} h4 {[%clk 0:00:18]} 33. Qb8+ {[%clk 0:08:09]} Nf8
{[%clk 0:00:14]} 34. Qc7 {[%clk 0:07:53]} Ba3 {[%clk 0:00:13]} 35. Qxf7+
{[%clk 0:07:51]} Kh7 {[%clk 0:00:16]} 36. Be4+ {[%clk 0:07:47]} Ng6
{[%clk 0:00:19]} 37. Bd2 {[%clk 0:02:10]} Qxd2 {[%clk 0:00:21]} 38. Qxg6+
{[%clk 0:02:19]} Kg8 {[%clk 0:00:30]} 39. Qe8+ {[%clk 0:02:28]} Bf8
{[%clk 0:00:39]} 40. Bd5+ {[%clk 0:02:38]} Kh7 {[%clk 0:00:45]} 41. Qxf8
{[%clk 0:02:34]} Qe1+ {[%clk 0:00:22]} 42. Kg2 {[%clk 0:02:51]} h3+ 43. Kxh3
{[%clk 0:02:51]} Qf1+ {[%clk 0:00:40]} 44. Kh4 {[%clk 0:02:51]} Qg1
{[%clk 0:00:48]} 45. Be4+ {[%clk 0:02:50]} g6 {[%clk 0:00:51]} 46. Qf7+
{[%clk 0:02:55]} Kh8 {[%clk 0:00:57]} 47. Qe8+ {[%clk 0:02:54]} Kg7
{[%clk 0:01:02]} 48. Qxe5+ {[%clk 0:03:01]} Kh7 {[%clk 0:00:57]} 49. Qh5+
{[%clk 0:02:58]} Kg7 {[%clk 0:01:01]} 50. Qxg6+ {[%clk 0:03:06]} Kf8
{[%clk 0:01:10]} 51. Qd6+ {[%clk 0:03:09]} Kg8 {[%clk 0:01:14]} 52. Qd8+
{[%clk 0:03:13]} Kf7 {[%clk 0:01:18]} 53. Qd7+ {[%clk 0:03:19]} Kf8
{[%clk 0:01:25]} 54. Qd8+ {[%clk 0:03:00]} Kf7 {[%clk 0:01:33]} 55. Bd5+
{[%clk 0:03:09]} Kg7 {[%clk 0:01:42]} 56. Qe7+ {[%clk 0:03:15]} Kh6
{[%clk 0:01:17]} 57. Qf8+ {[%clk 0:02:15]} 1-0